| 000 | 00524nam a2200157Ia 4500 | ||
|---|---|---|---|
| 008 | 160316s1998 xxu||||| |||| 00| 0 eng d | ||
| 082 |
_a303.482000 _bWIS |
||
| 100 | _aWiseman John | ||
| 245 | _aGlobal nation? : Australia and the politics of globalisation | ||
| 250 | _a | ||
| 260 |
_aCambridge _bCambridge University Press _c1998 |
||
| 300 |
_a202p _b _cviii |
||
| 365 | _bRs.1,067.43 | ||
| 650 | _a1. Foreign Economic Relations - Australian - Social Aspects 2. Australian Civilization - Foreign Influence | ||
| 700 |
_a _a |
||
| 999 |
_c13699 _d13699 |
||